Online katalóg knižníc regiónu Turca

Ako divé hrozno (Record no. 21012)

MARC details
000 -LEADER
fixed length control field 01419cam a2200397 a 4500
001 - CONTROL NUMBER
control field 21012
003 - CONTROL NUMBER IDENTIFIER
control field VRT
005 - DATE AND TIME OF LATEST TRANSACTION
control field 20260210145915.0
008 - FIXED-LENGTH DATA ELEMENTS--GENERAL INFORMATION
fixed length control field 240226s1996 xo r 000 0 slo
015 ## - NATIONAL BIBLIOGRAPHY NUMBER
National bibliography number SNBA1998/10-03442
020 ## - INTERNATIONAL STANDARD BOOK NUMBER
International Standard Book Number 8085352931
035 ## - SYSTEM CONTROL NUMBER
System control number SNK000288458
035 ## - SYSTEM CONTROL NUMBER
System control number urn:nbn:sk:snk-amkhws
035 ## - SYSTEM CONTROL NUMBER
System control number urn:nbn:sk:snk-am008gvi
035 ## - SYSTEM CONTROL NUMBER
System control number F9E2DB97-F61C-499C-B3AE-C1CF2EEDCE70
039 #9 - LEVEL OF BIBLIOGRAPHIC CONTROL AND CODING DETAIL [OBSOLETE]
Level of rules in bibliographic description 202402261528
Level of effort used to assign nonsubject heading access points VLOAD
Level of effort used to assign subject headings 202205120759
Level of effort used to assign classification VLOAD
Level of effort used to assign subject headings 202011122007
Level of effort used to assign classification csnk01
Level of effort used to assign subject headings 202011121934
Level of effort used to assign classification AUTHORITY
040 ## - CATALOGING SOURCE
Original cataloging agency SNK
Language of cataloging slo
Original cataloging agency SNK
Description conventions AACR2
041 1# - LANGUAGE CODE
Language code of text/sound track or separate title slo
Language code of original eng
044 ## - COUNTRY OF PUBLISHING/PRODUCING ENTITY CODE
MARC country code xo
ISO country code SK
080 ## - UNIVERSAL DECIMAL CLASSIFICATION NUMBER
Universal Decimal Classification number 820 (73)-3
Edition identifier 1981
100 1# - MAIN ENTRY--PERSONAL NAME
Personal name Dailey, Janet,
Dates associated with a name 1944-2013
Relationship aut
240 10 - UNIFORM TITLE
Uniform title Tangled vines
Language of a work Slovensky
245 10 - TITLE STATEMENT
Title Ako divé hrozno
Statement of responsibility, etc. Janet Dailey ; [z anglického originálu preložil Ján Kamenistý]
260 ## - PUBLICATION, DISTRIBUTION, ETC.
Place of publication, distribution, etc. Bratislava
Name of publisher, distributor, etc. Remedium
Date of publication, distribution, etc. 1996
300 ## - PHYSICAL DESCRIPTION
Extent 304 s.
Dimensions 21 cm
655 #7 - INDEX TERM--GENRE/FORM
Genre/form data or focus term americké romány
Source of term SNKPH
700 1# - ADDED ENTRY--PERSONAL NAME
Personal name Kamenistý, Ján,
Dates associated with a name 1941-
Relationship trl
910 ## - USER-OPTION DATA (OCLC)
User-option data snk
942 ## - ADDED ENTRY ELEMENTS (KOHA)
Source of classification or shelving scheme Dewey Decimal Classification
Koha item type Krásna literatúra pre dospelých
Suppress in OPAC No
949 ## - LOCAL PROCESSING INFORMATION (OCLC)
6 2889745493
a savukPV 975
949 ## - LOCAL PROCESSING INFORMATION (OCLC)
9 P60, <09>, [BOOK], {629}
a snkC 593
b snk1132/980708
949 ## - LOCAL PROCESSING INFORMATION (OCLC)
6 270001000015200
a svkbbA 99534
b svkbbm 626131
949 ## - LOCAL PROCESSING INFORMATION (OCLC)
6 17A0144122
9 P60, <03>, [BOOK], {603}
a snkSC 96218
b snkKSP 6873/98
s 6100:20140925
949 ## - LOCAL PROCESSING INFORMATION (OCLC)
6 17A0144121
9 P60, <05>, [BOOK], {605}
a snkSC 96218 D1
b snkKSP 6874/98
949 ## - LOCAL PROCESSING INFORMATION (OCLC)
6 273K0102485
a svkpoA 173951
b svkpo433382
Holdings
Stav vyradenia Strata Poškodenie Spôsob nadobudnutia Domovská knižnica Aktuálna knižnica Dátum nadobudnutia Total checkouts Čiarový kód exemplára Date last seen Typ exemplára
      Dar Obecná knižnica Horná Štubňa Obecná knižnica Horná Štubňa 10.02.2026   9788085352931 10.02.2026 Krásna literatúra pre dospelých
Projekt je podporený Slovenskou asociáciou knižníc
Prevádzkuje Turčianska knižnica Martin 2026